La Biblia en la literatura española (Record no. 184539)
[ view plain ]
| 000 -LEADER | |
|---|---|
| campo de control de longitud fija | 01193nam a2200277 i 4500 |
| 001 - NÚMERO DE CONTROL | |
| campo de control | 184539 |
| 003 - IDENTIFICADOR DE NÚMERO DE CONTROL | |
| campo de control | ES-MaACL |
| 005 - FECHA Y HORA DE LA ÚLTIMA TRANSACCIÓN | |
| campo de control | 20231119164332.0 |
| 008 - DATOS DE LONGITUD FIJA--INFORMACIÓN GENERAL | |
| campo de control de longitud fija | 151019s2009 sp |||| | spa d |
| 080 ## - NÚMERO DE LA CLASIFICACIÓN DECIMAL UNIVERSAL | |
| Número de la Clasificación Decimal Universal | 22(0:82) |
| 080 ## - NÚMERO DE LA CLASIFICACIÓN DECIMAL UNIVERSAL | |
| Número de la Clasificación Decimal Universal | 821.134.2.09 |
| 245 03 - MENCIÓN DEL TÍTULO | |
| Título | La Biblia en la literatura española |
| Resto del título | : los relatos de los orígenes : del Paraíso a Babel / |
| Mención de responsabilidad, etc. | [presentación de la revista, Claudio García Turza ; presentación del volumen, Gregorio del Olmo Lete]. |
| 260 ## - PUBLICACIÓN, DISTRIBUCIÓN, ETC. | |
| Lugar de publicación, distribución, etc. | Logroño : |
| Nombre del editor, distribuidor, etc. | Fundación San Millán de la Cogolla, Cilengua - Instituto Orígenes del Español, |
| Fecha de publicación, distribución, etc. | 2009. |
| 300 ## - DESCRIPCIÓN FÍSICA | |
| Extensión | 404 p. ; |
| Dimensiones | 24 cm. |
| 504 ## - NOTA DE BIBLIOGRAFÍA, ETC. | |
| Nota de bibliografía, etc. | Referencias bibliográficas. |
| 630 #0 - PUNTO DE ACCESO ADICIONAL DE MATERIA--TÍTULO UNIFORME | |
| Título uniforme | Biblia- |
| Subdivisión general | En la literatura. |
| 9 (RLIN) | 119242 |
| 650 14 - PUNTO DE ACCESO ADICIONAL DE MATERIA--TÉRMINO DE MATERIA | |
| Término de materia o nombre geográfico como elemento de entrada | Literatura española- |
| Subdivisión cronológica | Hasta S.XV- |
| Subdivisión general | Historia y crítica. |
| 9 (RLIN) | 147212 |
| 700 1# - ENTRADA AGREGADA--NOMBRE PERSONAL | |
| Nombre de persona | García Turza, Claudio. |
| 9 (RLIN) | 55348 |
| 700 1# - ENTRADA AGREGADA--NOMBRE PERSONAL | |
| Nombre de persona | Olmo Lete, G. del. |
| 9 (RLIN) | 157933 |
| 710 2# - ENTRADA AGREGADA--NOMBRE DE ENTIDAD CORPORATIVA | |
| Nombre de entidad corporativa o nombre de jurisdicción como elemento de entrada | Fundación San Millán de la Cogolla. |
| 9 (RLIN) | 4413 |
| 740 02 - ENTRADA AGREGADA--TÍTULO RELACIONADO/ANALÍTICO NO CONTROLADO | |
| Título relacionado o analítico no controlado | Biblias hispánicas. |
| 852 ## - LOCALIZACIÓN | |
| Ubicación | ES-MaACL |
| Número de control de estantería | A-13590 |
| itemnumber | 191540 |
| Sublocalización o colección | R.150828 |
| Ubicación en estantería | Depósito 1 |
| Signatura antigua | Olim: N-6590 |
| Donativo/Legado | Donación: Real Academia Española |
| 914 ## - NOMBRE ENTIDAD DE DONANTE | |
| RLIN | 6336 |
| Nombre de congreso/reunión o jurisdicción como elemento de entrada | Real Academia Española |
| Unidad subordinada | Donante |
| 942 ## - ELEMENTOS DE ENTRADA SECUNDARIOS (KOHA) | |
| Fuente del sistema de clasificación o colocación | Clasificación decimal universal |
| Tipo de ítem Koha | Libro impreso |
| Estatus retirado | Estado de pérdida | Fuente del sistema de clasificación o colocación | Estado de daño | No para préstamo | Biblioteca de origen | Biblioteca actual | Ubicación en estantería | Fecha de adquisición | Fuente de adquisición | Total de préstamos | Signatura topográfica completa | Código de barras | Visto por última vez | Precio de reemplazo | Tipo de ítem Koha |
|---|---|---|---|---|---|---|---|---|---|---|---|---|---|---|---|
| Clasificación decimal universal | Biblioteca del Ateneo de Madrid | Biblioteca del Ateneo de Madrid | Depósito 1 | 19/10/2015 | Donación | A-13590 | 1194275 | 23/02/2023 | 23/02/2023 | Libro impreso |
